MARC details
| 000 -LEADER |
| fixed length control field |
01197nam a2200337 i 4500 |
| 003 - CONTROL NUMBER IDENTIFIER |
| control field |
TR-AnTOB |
| 005 - DATE AND TIME OF LATEST TRANSACTION |
| control field |
20190322123742.0 |
| 008 - FIXED-LENGTH DATA ELEMENTS--GENERAL INFORMATION |
| fixed length control field |
161101s2016 tu b 000 0 tur d |
| 020 ## - INTERNATIONAL STANDARD BOOK NUMBER |
| International Standard Book Number |
9786056659065 (1. v.) |
|
| International Standard Book Number |
9786056659072 (2. v.) |
| 040 ## - CATALOGING SOURCE |
| Original cataloging agency |
TR4XT |
| Transcribing agency |
TR4XT |
| Description conventions |
rda |
| 041 ## - LANGUAGE CODE |
| Language code of text/sound track or separate title |
Türkçe |
| 049 ## - LOCAL HOLDINGS (OCLC) |
| Holding library |
TR4A |
| 050 #4 - LIBRARY OF CONGRESS CALL NUMBER |
| Classification number |
KKX920 |
| Item number |
.B693 |
| 100 1# - MAIN ENTRY--PERSONAL NAME |
| Personal name |
Boyacıoğlu, Cumhur. |
| Relator code |
aut. |
| 245 10 - TITLE STATEMENT |
| Title |
Ticaret hukuku uygulamaları / |
| Statement of responsibility, etc. |
Dr. Cumhur Boyacıoğlu, Bilal Özen. |
| 250 ## - EDITION STATEMENT |
| Edition statement |
1. volume genişletilmiş ve gözden geçirilmiş 2. Baskı |
| 264 #1 - PRODUCTION, PUBLICATION, DISTRIBUTION, MANUFACTURE, AND COPYRIGHT NOTICE |
| Place of production, publication, distribution, manufacture |
Ankara : |
| Name of producer, publisher, distributor, manufacturer |
Referans Yayınları, |
| Date of production, publication, distribution, manufacture, or copyright notice |
2016. |
| 300 ## - PHYSICAL DESCRIPTION |
| Extent |
2 volume ; |
| Dimensions |
24 cm. |
| 336 ## - CONTENT TYPE |
| Content type term |
Text |
| Content type code |
txt |
| Source |
rdacontent. |
| 337 ## - MEDIA TYPE |
| Media type term |
Unmediated |
| Media type code |
n |
| Source |
rdamedia. |
| 338 ## - CARRIER TYPE |
| Carrier type term |
Volume |
| Carrier type code |
nc |
| Source |
rdacarrier. |
| 504 ## - BIBLIOGRAPHY, ETC. NOTE |
| Bibliography, etc. note |
|
| 505 0# - FORMATTED CONTENTS NOTE |
| Title |
1. v. Ticari işletme ve şirketler hukuku -- |
| -- |
2. v. Kıymetli evrak hukuku. |
| 650 #0 - SUBJECT ADDED ENTRY--TOPICAL TERM |
| Topical term or geographic name entry element |
Commercial law |
| Geographic subdivision |
Turkey. |
|
| Topical term or geographic name entry element |
Negotiable instruments |
| Geographic subdivision |
Turkey. |
| 700 1# - ADDED ENTRY--PERSONAL NAME |
| Personal name |
Özel, Bilal. |
| Relator code |
aut. |
| 942 ## - ADDED ENTRY ELEMENTS (KOHA) |
| Source of classification or shelving scheme |
Library of Congress Classification |
| Koha item type |
Book |
| 947 ## - LOCAL PROCESSING INFORMATION (OCLC) |
| a |
74005395 |
| b |
13387766 |
| c |
16 |
| d |
52 |
| e |
Istanbul Bilgi Universitesi Kutuphaneleri |
| f |
Bilgi - Dolapdere |
| g |
2018-03-19 18:42:02 |